Normal view
MARC view
- Gibson, Adam
Entry Corporate Name
001 - CONTROL NUMBER
- control field: 98779
003 - CONTROL NUMBER IDENTIFIER
- control field: NUST
005 - DATE AND TIME OF LATEST TRANSACTION
- control field: 20220905131024.0
008 - FIXED-LENGTH DATA ELEMENTS
- fixed length control field: 220905|| aca||aabn | a|a d
040 ## - CATALOGING SOURCE
- Original cataloging agency: NUST
- Transcribing agency: NUST
110 ## - HEADING--CORPORATE NAME
- Corporate name or jurisdiction name as entry element: Gibson, Adam
670 ## - SOURCE DATA FOUND
- Source citation: Work cat.: (NUST): Patterson, Josh 98778, Deep Learning : A Practitioner's Approach, 2017.
